Fuerza en la debilidad: éxitos del movimiento sindical uruguayo /
Guardado en:
| Hovedforfatter: | |
|---|---|
| Format: | Texto |
| Fag: | |
| Tags: |
Tilføj Tag
Ingen Tags, Vær først til at tagge denne postø!
|
MARC
| LEADER | 00000 a a2200000 04500 | ||
|---|---|---|---|
| 001 | 11005 | ||
| 003 | |||
| 040 | |||
| 100 | |a Zibechi, Raúl | ||
| 245 | |a Fuerza en la debilidad: |b éxitos del movimiento sindical uruguayo / |c Raúl Zibechi | ||
| 650 | |a MOVIMIENTOS SOCIALES | ||
| 650 | |a TRABAJADORAS | ||
| 650 | |a SINDICATOS | ||
| 650 | |a HUELGAS | ||
| 773 | |g volumen 4, número 12; páginas 93-138 | ||
| 999 | |c 23104 |d 23104 | ||
